[Event "ZH-2014-0-01317"]
[Site "LSS email"]
[Date "2014.12.28"]
[Round "?"]
[White "Boda, Attila"]
[Black "Kahl, Fred"]
[Result "1/2-1/2"]
[WhiteElo "2135"]
[BlackElo "2336"]
[PlyCount "43"]
[EventDate "2014.12.06"]
[EventType "match (corr)"]
[EventRounds "2"]
[EventCountry "GER"]
[SourceTitle "Corr 2022"]
[Source "ChessBase"]
[SourceDate "2021.10.24"]
[SourceVersion "1"]
[SourceVersionDate "2021.10.24"]
[SourceQuality "1"]

1. e4 e5 2. Nf3 Nc6 3. Bb5 a6 4. Ba4 Nf6 5. 0-0 Be7 6. Re1 b5 7. Bb3 0-0 8. d4 Nxd4 9. Nxd4 exd4 10. e5 Ne8 11. c3 dxc3 12. Nxc3 d6 13. Nd5 Be6 14. Qf3 Bxd5 15. Bxd5 Rb8 16. Be3 c5 17. Rad1 Qc7 18. e6 fxe6 19. Bxe6+ Kh8 20. Qh3 g6 21. Bd5 Bf6 22. Be4 1/2-1/2

[Event "SA-2014-0-00439"]
[Site "LSS email"]
[Date "2014.10.27"]
[Round "?"]
[White "Boda, Attila"]
[Black "Kudr, Roman"]
[Result "1/2-1/2"]
[WhiteElo "2108"]
[BlackElo "2230"]
[PlyCount "45"]
[EventDate "2014.10.04"]
[EventType "tourn (corr)"]
[EventRounds "6"]
[EventCountry "GER"]
[SourceTitle "Corr 2022"]
[Source "ChessBase"]
[SourceDate "2021.10.24"]
[SourceVersion "1"]
[SourceVersionDate "2021.10.24"]
[SourceQuality "1"]

1. e4 e6 2. d4 d5 3. Nc3 Nf6 4. Bg5 dxe4 5. Nxe4 Be7 6. Bxf6 gxf6 7. Nf3 f5 8. Nc3 a6 9. Qe2 b5 10. 0-0-0 b4 11. Na4 Qd5 12. Qc4 Qxc4 13. Bxc4 Nc6 14. Be2 0-0 15. h3 Bb7 16. g4 fxg4 17. hxg4 Rad8 18. Rh5 Rd5 19. Rxd5 exd5 20. c3 bxc3 21. Nxc3 Rd8 22. Bd3 h6 23. Ne2 1/2-1/2

[Event "SA-2014-0-00439"]
[Site "LSS email"]
[Date "2014.10.27"]
[Round "?"]
[White "Salzmann, Stefan"]
[Black "Boda, Attila"]
[Result "1/2-1/2"]
[WhiteElo "2265"]
[BlackElo "2108"]
[PlyCount "72"]
[EventDate "2014.10.04"]
[EventType "tourn (corr)"]
[EventRounds "6"]
[EventCountry "GER"]
[SourceTitle "Corr 2022"]
[Source "ChessBase"]
[SourceDate "2021.10.24"]
[SourceVersion "1"]
[SourceVersionDate "2021.10.24"]
[SourceQuality "1"]

1. e4 e5 2. Nf3 Nc6 3. Bb5 a6 4. Ba4 Nf6 5. 0-0 Be7 6. d3 b5 7. Bb3 d6 8. a3 0-0 9. h3 Na5 10. Ba2 c5 11. Nc3 Be6 12. Re1 Bxa2 13. Rxa2 Nc6 14. Bg5 Ne8 15. Be3 Nc7 16. b4 a5 17. bxc5 dxc5 18. Ra1 Qd7 19. a4 b4 20. Ne2 Ne6 21. Nd2 Bd8 22. Ng3 Ncd4 23. Nc4 Bc7 24. Nf5 f6 25. Ng3 Rae8 26. h4 Nf4 27. Bxd4 cxd4 28. Qf3 Ne6 29. h5 Rf7 30. Nf5 Nc5 31. Qg4 Rb8 32. Rec1 Kh8 33. Nb2 Qc6 34. Kh1 Qe8 35. Kg1 Rd7 36. g3 Qf7 1/2-1/2

[Event "SA-2014-0-00439"]
[Site "LSS email"]
[Date "2014.10.27"]
[Round "?"]
[White "Simashkevych, Mykola"]
[Black "Boda, Attila"]
[Result "1/2-1/2"]
[WhiteElo "1999"]
[BlackElo "2108"]
[PlyCount "50"]
[EventDate "2014.10.04"]
[EventType "tourn (corr)"]
[EventRounds "6"]
[EventCountry "GER"]
[SourceTitle "Corr 2022"]
[Source "ChessBase"]
[SourceDate "2021.10.24"]
[SourceVersion "1"]
[SourceVersionDate "2021.10.24"]
[SourceQuality "1"]

1. e4 e5 2. Nf3 Nc6 3. d4 exd4 4. Nxd4 Nf6 5. Nxc6 bxc6 6. e5 Qe7 7. Qe2 Nd5 8. c4 Ba6 9. b3 g6 10. f4 d6 11. Qf2 Nf6 12. Ba3 Qe6 13. Be2 dxe5 14. fxe5 Qxe5 15. 0-0 0-0-0 16. Bxf8 Rhxf8 17. Qxf6 Qxe2 18. Nc3 Qe3+ 19. Kh1 Qd4 20. Rae1 h5 21. Qxd4 Rxd4 22. Kg1 Kd8 23. Rf6 Rd6 24. Ne4 Rxf6 25. Nxf6 Bc8 1/2-1/2

[Event "SA-2014-0-00430"]
[Site "LSS email"]
[Date "2014.09.09"]
[Round "?"]
[White "Boda, Attila"]
[Black "Sarakenidis, Nikolaos"]
[Result "1/2-1/2"]
[WhiteElo "2104"]
[BlackElo "2231"]
[PlyCount "62"]
[EventDate "2014.08.26"]
[EventType "tourn (corr)"]
[EventRounds "6"]
[EventCountry "GER"]
[SourceTitle "Corr 2022"]
[Source "ChessBase"]
[SourceDate "2021.10.24"]
[SourceVersion "1"]
[SourceVersionDate "2021.10.24"]
[SourceQuality "1"]

1. e4 e6 2. d4 d5 3. Nc3 Bb4 4. a3 Bxc3+ 5. bxc3 dxe4 6. Qg4 Nf6 7. Qxg7 Rg8 8. Qh6 Rg6 9. Qh4 Rg4 10. Qh6 Rg6 11. Qh4 c5 12. Ne2 Nc6 13. Bg5 cxd4 14. cxd4 Qa5+ 15. Bd2 Qb6 16. c3 Qb2 17. Rd1 Ne7 18. Ng3 Ned5 19. Rc1 Rg4 20. Qh6 Bd7 21. c4 e3 22. fxe3 Rxg3 23. cxd5 Ne4 24. Rd1 Rg6 25. Qxh7 Nxd2 26. Qh8+ Ke7 27. Qh4+ Kf8 28. Qh8+ Rg8 29. Qh6+ Ke7 30. Rxd2 Qxa3 31. dxe6 Bxe6 1/2-1/2

[Event "SA-2014-0-00430"]
[Site "LSS email"]
[Date "2014.09.09"]
[Round "?"]
[White "Boda, Attila"]
[Black "Sorcinelli, Andrea"]
[Result "1/2-1/2"]
[WhiteElo "2104"]
[BlackElo "2178"]
[PlyCount "73"]
[EventDate "2014.08.26"]
[EventType "tourn (corr)"]
[EventRounds "6"]
[EventCountry "GER"]
[SourceTitle "Corr 2022"]
[Source "ChessBase"]
[SourceDate "2021.10.24"]
[SourceVersion "1"]
[SourceVersionDate "2021.10.24"]
[SourceQuality "1"]

1. e4 e6 2. d4 d5 3. Nc3 Bb4 4. a3 Bxc3+ 5. bxc3 dxe4 6. Qg4 Nf6 7. Qxg7 Rg8 8. Qh6 c5 9. Ne2 b6 10. Bg5 Ng4 11. Bxd8 Nxh6 12. Bc7 cxd4 13. Nxd4 Ba6 14. Nb5 Bxb5 15. Bxb5+ Ke7 16. 0-0-0 a6 17. Bd6+ Kf6 18. Bf1 Ra7 19. Rd4 Nf5 20. Bxb8 Rxb8 21. Rxe4 b5 22. Bd3 Rc7 23. Kd2 Rbc8 24. a4 Rxc3 25. Rb4 Nd6 26. axb5 axb5 27. Bxh7 R3c4 28. Rxc4 bxc4 29. Ke3 Ra8 30. f3 Kg7 31. Be4 Ra2 32. Kd2 f5 33. Bc6 Ra6 34. Bd7 Kf6 35. Re1 e5 36. g4 Ra3 37. Re3 1/2-1/2

[Event "ZI-2014-0-01784"]
[Site "LSS email"]
[Date "2014.04.04"]
[Round "?"]
[White "Hillebrand, Carsten"]
[Black "Boda, Attila"]
[Result "1/2-1/2"]
[WhiteElo "1753"]
[BlackElo "2086"]
[PlyCount "41"]
[EventDate "2014.03.26"]
[EventType "match (corr)"]
[EventRounds "2"]
[EventCountry "GER"]
[SourceTitle "Corr 2022"]
[Source "ChessBase"]
[SourceDate "2021.10.24"]
[SourceVersion "1"]
[SourceVersionDate "2021.10.24"]
[SourceQuality "1"]

1. c4 c6 2. g3 d5 3. Nf3 dxc4 4. Bg2 Nf6 5. 0-0 Nbd7 6. Na3 Nb6 7. Qc2 Be6 8. Ng5 Qc8 9. Nxe6 Qxe6 10. b3 cxb3 11. axb3 Qc8 12. Nc4 e6 13. Bb2 Nbd7 14. Rfc1 Be7 15. d4 0-0 16. e4 a6 17. Qe2 Bb4 18. Ra4 Be7 19. Raa1 Bb4 20. Ra4 Be7 21. Raa1 1/2-1/2

[Event "SB-2014-0-00351"]
[Site "LSS email"]
[Date "2014.02.03"]
[Round "?"]
[White "Obukhov, Gennady Nikolaevich"]
[Black "Boda, Attila"]
[Result "0-1"]
[WhiteElo "1847"]
[BlackElo "2026"]
[PlyCount "64"]
[EventDate "2014.01.06"]
[EventType "tourn (corr)"]
[EventRounds "6"]
[EventCountry "GER"]
[SourceTitle "Corr 2015"]
[Source "ChessBase"]
[SourceDate "2015.07.17"]
[SourceVersion "1"]
[SourceVersionDate "2015.07.17"]
[SourceQuality "1"]

1. e4 e5 2. Nf3 Nc6 3. Nc3 Nf6 4. Nxe5 Nxe5 5. d4 Ng6 6. e5 Ng8 7. Bc4 d5 8. Bxd5 c6 9. Bb3 Be6 10. 0-0 Qd7 11. Ne4 0-0-0 12. c3 Be7 13. Re1 Kb8 14. Bxe6 Qxe6 15. Qb3 Nh6 16. Qxe6 fxe6 17. Bg5 Bxg5 18. Nxg5 Rhe8 19. b4 Nf4 20. Re4 Nd5 21. Rc1 Kc7 22. Nxh7 Ra8 23. Ng5 a5 24. bxa5 Rxa5 25. Re2 Nf5 26. Rd2 Ra3 27. c4 Nc3 28. Kf1 Rxa2 29. Rxa2 Nxa2 30. Rd1 b5 31. g4 Nh4 32. cxb5 cxb5 0-1

[Event "SB-2014-0-00351"]
[Site "LSS email"]
[Date "2014.02.03"]
[Round "?"]
[White "Van Bommel, Ton"]
[Black "Boda, Attila"]
[Result "1/2-1/2"]
[WhiteElo "1841"]
[BlackElo "2026"]
[PlyCount "64"]
[EventDate "2014.01.06"]
[EventType "tourn (corr)"]
[EventRounds "6"]
[EventCountry "GER"]
[SourceTitle "Corr 2015"]
[Source "ChessBase"]
[SourceDate "2015.07.17"]
[SourceVersion "1"]
[SourceVersionDate "2015.07.17"]
[SourceQuality "1"]

1. d4 d5 2. c4 c6 3. Nf3 Nf6 4. Nc3 dxc4 5. a4 Bf5 6. Ne5 Nbd7 7. Nxc4 Nb6 8. Ne5 a5 9. g3 e6 10. Bg2 Bb4 11. 0-0 0-0 12. e3 h6 13. Qe2 Bh7 14. Rd1 Nbd7 15. e4 Nxe5 16. dxe5 Nd7 17. Be3 Qc7 18. f4 Rad8 19. Rac1 Bc5 20. Rc2 b6 21. Bf3 Bxe3+ 22. Qxe3 Nc5 23. Rcd2 Rxd2 24. Qxd2 Rc8 25. Kg2 Nb7 26. Qd3 Nc5 27. Qd4 Nb7 28. Qc4 g5 29. Kf2 Bg6 30. h4 Bh7 31. hxg5 hxg5 32. Rh1 Qd7 1/2-1/2

[Event "SB-2013-0-00344"]
[Site "LSS email"]
[Date "2013.12.22"]
[Round "?"]
[White "Hatsek, Werner"]
[Black "Boda, Attila"]
[Result "1/2-1/2"]
[WhiteElo "2041"]
[BlackElo "2015"]
[PlyCount "31"]
[EventDate "2013.11.27"]
[EventType "tourn (corr)"]
[EventRounds "6"]
[EventCountry "GER"]
[SourceTitle "Corr 2022"]
[Source "ChessBase"]
[SourceDate "2021.10.24"]
[SourceVersion "1"]
[SourceVersionDate "2021.10.24"]
[SourceQuality "1"]

1. e4 e5 2. Nf3 Nc6 3. Bb5 a6 4. Bxc6 dxc6 5. 0-0 Bg4 6. h3 h5 7. d3 Qf6 8. Re1 Bxf3 9. Qxf3 Qxf3 10. gxf3 Bd6 11. Nd2 f6 12. Nc4 Ne7 13. f4 exf4 14. Nxd6+ cxd6 15. Bxf4 Kd7 16. Be3 1/2-1/2

[Event "RB-2013-0-00232"]
[Site "LSS email"]
[Date "2013.12.13"]
[Round "?"]
[White "Boda, Attila"]
[Black "Obukhov, Gennady Nikolaevich"]
[Result "1-0"]
[WhiteElo "1991"]
[BlackElo "1920"]
[PlyCount "47"]
[EventDate "2013.11.20"]
[EventType "tourn (corr)"]
[EventRounds "6"]
[EventCountry "GER"]
[SourceTitle "Telechess CBM 167"]
[Source "ChessBase"]
[SourceDate "2015.07.13"]
[SourceVersion "1"]
[SourceVersionDate "2015.07.13"]
[SourceQuality "1"]

1. e4 Nc6 2. d4 d5 3. e5 Bf5 4. Nf3 e6 5. Be2 Nb4 6. Na3 Nc6 7. 0-0 Nge7 8. c3 Bg6 9. Nc2 Nf5 10. Nce1 Be7 11. Nd3 h6 12. Bd2 0-0 13. Nf4 Bh7 14. Bd3 g5 15. Nh5 Bg6 16. Ne1 Na5 17. f4 Nc4 18. Bxc4 dxc4 19. fxg5 c5 20. Nf6+ Bxf6 21. gxf6 cxd4 22. g4 Ne3 23. Qf3 Nxf1 24. Qf4 1-0

[Event "RB-2013-0-00232"]
[Site "LSS email"]
[Date "2013.12.13"]
[Round "?"]
[White "Hursky, Karel P"]
[Black "Boda, Attila"]
[Result "1/2-1/2"]
[WhiteElo "1803"]
[BlackElo "1991"]
[PlyCount "85"]
[EventDate "2013.11.20"]
[EventType "tourn (corr)"]
[EventRounds "6"]
[EventCountry "GER"]
[SourceTitle "Telechess CBM 167"]
[Source "ChessBase"]
[SourceDate "2015.07.13"]
[SourceVersion "1"]
[SourceVersionDate "2015.07.13"]
[SourceQuality "1"]

1. c4 c6 2. Nf3 d5 3. e3 Nf6 4. Nc3 a6 5. b3 Bf5 6. Bb2 h6 7. Be2 e6 8. 0-0 Nbd7 9. d3 Bd6 10. e4 Bh7 11. Re1 0-0 12. Bf1 dxe4 13. Nxe4 Nxe4 14. dxe4 Qe7 15. Qc2 e5 16. Rad1 Rfd8 17. g3 Nf6 18. Bd3 a5 19. c5 Bxc5 20. Nxe5 Nd7 21. Nc4 Bb4 22. Re2 Bg6 23. Ne3 Ne5 24. Nf5 Qe8 25. Nxg7 Kxg7 26. f4 Bd6 27. Red2 f6 28. fxe5 Bxe5 29. Bf1 Rxd2 30. Rxd2 Rd8 31. Bxe5 fxe5 32. Bg2 b6 33. h4 Rd4 34. Rf2 c5 35. Qe2 b5 36. Qf3 Qe7 37. Qg4 h5 38. Qc8 c4 39. bxc4 Rxc4 40. Qa6 Qc5 41. Qf6+ Kh7 42. Kh2 Rc2 43. Rxc2 1/2-1/2

[Event "RB-2013-0-00223"]
[Site "LSS email"]
[Date "2013.10.09"]
[Round "?"]
[White "Boda, Attila"]
[Black "Hammerschmidt, Volker"]
[Result "1-0"]
[WhiteElo "1957"]
[BlackElo "1862"]
[PlyCount "97"]
[EventDate "2013.09.07"]
[EventType "tourn (corr)"]
[EventRounds "6"]
[EventCountry "GER"]
[SourceTitle "Telechess CBM 167"]
[Source "ChessBase"]
[SourceDate "2015.07.13"]
[SourceVersion "1"]
[SourceVersionDate "2015.07.13"]
[SourceQuality "1"]

1. e4 c5 2. Nf3 d6 3. d4 cxd4 4. Nxd4 Nf6 5. Nc3 a6 6. Be3 e5 7. Nb3 Be6 8. Qd2 Be7 9. f3 0-0 10. 0-0-0 Nbd7 11. g4 Qc7 12. Kb1 Rfc8 13. Qf2 b5 14. g5 Nh5 15. h4 b4 16. Nd5 Bxd5 17. Rxd5 Rcb8 18. f4 Nb6 19. Rd1 a5 20. fxe5 dxe5 21. Bb5 Nf4 22. Nc5 Nbd5 23. Na6 Rxa6 24. Bxa6 Nxe3 25. Qxe3 a4 26. b3 Ra8 27. Bc4 g6 28. Rhf1 Rf8 29. Qf3 axb3 30. cxb3 Bc5 31. Rc1 Bd4 32. Bd5 Bc3 33. a4 Re8 34. Bc4 Rb8 35. Rxc3 bxc3 36. Qxc3 Ne2 37. Qc2 Nf4 38. Kb2 h5 39. Rd1 Ra8 40. Qd2 Ra7 41. Qd8+ Qxd8 42. Rxd8+ Kg7 43. Ka3 f5 44. exf5 gxf5 45. b4 Rc7 46. Kb3 Re7 47. b5 e4 48. Rg8+ Kh7 49. b6 1-0

[Event "RB-2013-0-00223"]
[Site "LSS email"]
[Date "2013.10.09"]
[Round "?"]
[White "Caillet, Serge"]
[Black "Boda, Attila"]
[Result "1/2-1/2"]
[WhiteElo "1958"]
[BlackElo "1957"]
[PlyCount "66"]
[EventDate "2013.09.07"]
[EventType "tourn (corr)"]
[EventRounds "6"]
[EventCountry "GER"]
[SourceTitle "Telechess CBM 167"]
[Source "ChessBase"]
[SourceDate "2015.07.13"]
[SourceVersion "1"]
[SourceVersionDate "2015.07.13"]
[SourceQuality "1"]

1. e4 e5 2. Nc3 Nf6 3. Bc4 Nc6 4. d3 Na5 5. Nge2 c6 6. a4 d5 7. exd5 cxd5 8. Ba2 d4 9. Ne4 Nxe4 10. dxe4 Be6 11. Bxe6 fxe6 12. Qd3 Bb4+ 13. c3 Nb3 14. Rb1 dxc3 15. Qb5+ Qd7 16. Qxd7+ Kxd7 17. bxc3 Nxc1 18. Rxc1 Ba5 19. Rb1 b6 20. Kd2 Ke7 21. Kc2 Rac8 22. f3 a6 23. Rhd1 g5 24. Rd3 h5 25. Rbd1 Rc7 26. h3 Bb4 27. Kb3 Bc5 28. Nc1 Rb8 29. Kc2 b5 30. axb5 axb5 31. Nb3 Ba3 32. Ra1 Ra8 33. Nd2 Ra4 1/2-1/2

[Event "RB-2013-0-00223"]
[Site "LSS email"]
[Date "2013.10.09"]
[Round "?"]
[White "Davydov, Andrej"]
[Black "Boda, Attila"]
[Result "1/2-1/2"]
[WhiteElo "1894"]
[BlackElo "1957"]
[PlyCount "86"]
[EventDate "2013.09.07"]
[EventType "tourn (corr)"]
[EventRounds "6"]
[EventCountry "GER"]
[SourceTitle "Telechess CBM 167"]
[Source "ChessBase"]
[SourceDate "2015.07.13"]
[SourceVersion "1"]
[SourceVersionDate "2015.07.13"]
[SourceQuality "1"]

1. d4 d5 2. c4 c6 3. Nc3 Nf6 4. Nf3 dxc4 5. a4 Bf5 6. e3 e6 7. Bxc4 Bb4 8. 0-0 Nbd7 9. Nh4 Bg6 10. Nxg6 hxg6 11. h3 Qc7 12. Qb3 a5 13. e4 0-0 14. e5 Nd5 15. Nxd5 cxd5 16. Bb5 Nb8 17. Qf3 Nc6 18. Be3 Qe7 19. g3 Rac8 20. Kg2 f6 21. exf6 Qxf6 22. Qe2 Nxd4 23. Bxd4 Qxd4 24. Qxe6+ Kh7 25. Rad1 Qf6 26. Qe2 Rfd8 27. Rd3 Bc5 28. Rf3 Qe7 29. Re1 Qxe2 30. Rxe2 Rd6 31. Rf7 b6 32. Rfe7 Rf8 33. f4 Kg8 34. Bd3 Bd4 35. Rc7 Rf7 36. Rc8+ Rf8 37. Rc1 Bc5 38. Rce1 Bb4 39. Rd1 Kf7 40. Rc1 Bc5 41. Rce1 Rf6 42. Re5 Rd8 43. Bb1 Bd4 1/2-1/2

[Event "RB-2013-0-00223"]
[Site "LSS email"]
[Date "2013.10.09"]
[Round "?"]
[White "Ederer, Karel"]
[Black "Boda, Attila"]
[Result "1/2-1/2"]
[WhiteElo "2005"]
[BlackElo "1957"]
[PlyCount "53"]
[EventDate "2013.09.07"]
[EventType "tourn (corr)"]
[EventRounds "6"]
[EventCountry "GER"]
[SourceTitle "Telechess CBM 167"]
[Source "ChessBase"]
[SourceDate "2015.07.13"]
[SourceVersion "1"]
[SourceVersionDate "2015.07.13"]
[SourceQuality "1"]

1. e4 e5 2. Nf3 Nc6 3. Bb5 a6 4. Ba4 Nf6 5. 0-0 Nxe4 6. d4 b5 7. Bb3 d5 8. dxe5 Be6 9. Qe2 Be7 10. Rd1 0-0 11. c4 bxc4 12. Bxc4 Bc5 13. Be3 Bxe3 14. Qxe3 Qb8 15. Bb3 Na5 16. Nbd2 Nxd2 17. Nxd2 Rc8 18. Rac1 Qb4 19. a3 Qb6 20. Qxb6 cxb6 21. Bc2 g6 22. b4 Nc4 23. Nxc4 dxc4 24. Rd6 b5 25. Be4 Ra7 26. f4 Kg7 27. Kf2 1/2-1/2

[Event "SB-2013-0-00314"]
[Site "LSS email"]
[Date "2013.06.23"]
[Round "?"]
[White "Boda, Attila"]
[Black "Pilipchuk, Andrey Vadimovich"]
[Result "1/2-1/2"]
[WhiteElo "1914"]
[BlackElo "1929"]
[PlyCount "49"]
[EventDate "2013.06.02"]
[EventType "tourn (corr)"]
[EventRounds "6"]
[EventCountry "GER"]
[SourceTitle "Telechess CBM 163"]
[Source "ChessBase"]
[SourceDate "2014.11.11"]
[SourceVersion "2"]
[SourceVersionDate "2014.11.11"]
[SourceQuality "1"]

1. e4 c5 2. Nf3 Nc6 3. d4 cxd4 4. Nxd4 Nf6 5. Nc3 e5 6. Ndb5 d6 7. Nd5 Nxd5 8. exd5 Nb8 9. c4 Be7 10. Be2 a6 11. Nc3 0-0 12. 0-0 f5 13. f4 Bf6 14. Qc2 g6 15. Be3 Nd7 16. Kh1 b6 17. Rac1 Re8 18. Rfe1 exf4 19. Bxf4 Be5 20. Qd2 Qh4 21. g3 Bxf4 22. Qxf4 Qxf4 23. gxf4 Nf6 24. Bd3 Bd7 25. Kg2 1/2-1/2

[Event "SB-2013-0-00314"]
[Site "LSS email"]
[Date "2013.06.23"]
[Round "?"]
[White "Boda, Attila"]
[Black "Vasquez, Gerardo"]
[Result "1/2-1/2"]
[WhiteElo "1914"]
[BlackElo "1967"]
[PlyCount "93"]
[EventDate "2013.06.02"]
[EventType "tourn (corr)"]
[EventRounds "6"]
[EventCountry "GER"]
[SourceTitle "Telechess CBM 163"]
[Source "ChessBase"]
[SourceDate "2014.11.11"]
[SourceVersion "2"]
[SourceVersionDate "2014.11.11"]
[SourceQuality "1"]

1. e4 e5 2. Nf3 Nc6 3. d4 exd4 4. Nxd4 Nf6 5. Nxc6 bxc6 6. e5 Qe7 7. Qe2 Nd5 8. c4 Ba6 9. b3 g6 10. f4 d6 11. Qf2 Nf6 12. Bb2 dxe5 13. fxe5 Bg7 14. Be2 Ne4 15. Qf4 Qb4+ 16. Kf1 Nc5 17. Nd2 0-0 18. Nf3 Na4 19. Bd4 c5 20. Be3 Nc3 21. Bd2 Nxe2 22. Kxe2 Qb6 23. Kf2 f6 24. e6 Rae8 25. Rhe1 Bc8 26. Rad1 Rxe6 27. Rxe6 Bxe6 28. Bc3 Qa6 29. Rd2 Qc6 30. h3 Bf5 31. Re2 Rf7 32. Nd2 h5 33. Qe3 Kh7 34. Re1 g5 35. Qe2 Kg6 36. Nf1 Qd6 37. Kg1 h4 38. Qf3 Re7 39. g4 Bc8 40. Rxe7 Qxe7 41. Ne3 Bb7 42. Nd5 Kf7 43. Bd2 Qe5 44. Bc3 Qd6 45. Ba5 Bh8 46. Kh1 Bg7 47. Kg1 1/2-1/2

[Event "SB-2013-0-00312"]
[Site "LSS email"]
[Date "2013.06.14"]
[Round "?"]
[White "Blittkowsky, Ralf"]
[Black "Boda, Attila"]
[Result "1/2-1/2"]
[WhiteElo "1727"]
[BlackElo "1992"]
[PlyCount "57"]
[EventDate "2013.05.24"]
[EventType "tourn (corr)"]
[EventRounds "6"]
[EventCountry "GER"]
[SourceTitle "Telechess CBM 167"]
[Source "ChessBase"]
[SourceDate "2015.07.13"]
[SourceVersion "1"]
[SourceVersionDate "2015.07.13"]
[SourceQuality "1"]

1. c4 c6 2. e4 d5 3. cxd5 cxd5 4. exd5 Nf6 5. Nc3 Nxd5 6. Nf3 Nc6 7. Bb5 e6 8. 0-0 Be7 9. d4 0-0 10. Re1 Qd6 11. a3 Rd8 12. Bd3 Nf6 13. Be3 b6 14. Qc2 Bb7 15. Rad1 h6 16. Qc1 Qb8 17. Bb1 Bf8 18. Bf4 Qc8 19. Qc2 Ne7 20. Be5 Ned5 21. Rc1 a5 22. Nd2 Qc6 23. Nde4 Nxe4 24. Qxe4 f5 25. Qf3 Nxc3 26. Qxc6 Bxc6 27. Rxc3 Bd5 28. Rec1 Bd6 29. a4 1/2-1/2

[Event "SB-2013-0-00306"]
[Site "LSS email"]
[Date "2013.05.18"]
[Round "?"]
[White "Boda, Attila"]
[Black "Maur, Rainer"]
[Result "0-1"]
[WhiteElo "1914"]
[BlackElo "1920"]
[PlyCount "108"]
[EventDate "2013.04.18"]
[EventType "tourn (corr)"]
[EventRounds "6"]
[EventCountry "GER"]
[SourceTitle "Telechess CBM 163"]
[Source "ChessBase"]
[SourceDate "2014.11.11"]
[SourceVersion "2"]
[SourceVersionDate "2014.11.11"]
[SourceQuality "1"]

1. e4 c5 2. Nf3 d6 3. d4 cxd4 4. Nxd4 Nf6 5. Nc3 a6 6. Be3 e5 7. Nb3 Be6 8. Qd2 Nbd7 9. f3 h5 10. a4 Be7 11. Be2 Rc8 12. 0-0 0-0 13. a5 h4 14. Rfd1 Qc7 15. Bf2 Rfd8 16. Qe1 h3 17. g4 Qc6 18. Bd3 Nf8 19. Qf1 Ng6 20. Bg3 d5 21. exd5 Bxd5 22. Nxd5 Rxd5 23. Bf5 Rcd8 24. Re1 Rb5 25. Rac1 Nh7 26. Be4 Qf6 27. Bd3 Ng5 28. Re3 Rb4 29. Bxg6 Qxg6 30. Bxe5 Bf6 31. Bg3 Ne6 32. Re2 Rc8 33. Qe1 Rcc4 34. Rf2 Bxb2 35. Rd1 Bf6 36. Kf1 Rc3 37. Rd5 Ra4 38. g5 Rxb3 39. gxf6 Rba3 40. fxg7 Ra1 41. Rd1 Rxd1 42. Qxd1 Qf6 43. c3 Rxa5 44. Rc2 Rf5 45. f4 Nxf4 46. Rf2 Ne6 47. Qh5 Rxh5 48. Rxf6 Kxg7 49. Rf2 Rb5 50. Rd2 a5 51. Ra2 b6 52. Ra3 f5 53. c4 Rb1+ 54. Ke2 Kf6 0-1

[Event "ZI-2013-0-01612"]
[Site "LSS email"]
[Date "2013.05.17"]
[Round "?"]
[White "Boda, Attila"]
[Black "Gajic, Sladjan"]
[Result "0-1"]
[WhiteElo "1912"]
[BlackElo "1808"]
[PlyCount "58"]
[EventDate "2013.05.07"]
[EventType "match (corr)"]
[EventRounds "2"]
[EventCountry "GER"]
[SourceTitle "Telechess CBM 161"]
[Source "ChessBase"]
[SourceDate "2014.07.16"]
[SourceVersion "1"]
[SourceVersionDate "2014.07.16"]
[SourceQuality "1"]

1. e4 c5 2. Nf3 d6 3. d4 cxd4 4. Nxd4 Nf6 5. Nc3 a6 6. Be3 e5 7. Nb3 Be6 8. Qd2 Nbd7 9. f3 Be7 10. g4 0-0 11. 0-0-0 b5 12. g5 b4 13. gxf6 bxc3 14. Qxc3 Nxf6 15. Na5 Qd7 16. Nc6 Rac8 17. Nxe7+ Qxe7 18. Qa5 Rc6 19. Kb1 Rfc8 20. Rg1 Rxc2 21. Bxa6 R8c6 22. Rd2 Rxd2 23. Bxd2 g6 24. Rd1 Qa7 25. Bb5 Qxa5 26. Bxa5 Rc5 27. a4 Bb3 28. Bb4 Bxd1 29. Bxc5 dxc5 0-1

[Event "BI-2013-P-00017"]
[Site "LSS email"]
[Date "2013.04.22"]
[Round "?"]
[White "Bartsch, Christian"]
[Black "Boda, Attila"]
[Result "1/2-1/2"]
[WhiteElo "1914"]
[BlackElo "1957"]
[PlyCount "52"]
[EventDate "2013.04.25"]
[EventType "tourn (corr)"]
[EventRounds "10"]
[EventCountry "GER"]
[SourceTitle "Telechess CBM 167"]
[Source "ChessBase"]
[SourceDate "2015.07.13"]
[SourceVersion "1"]
[SourceVersionDate "2015.07.13"]
[SourceQuality "1"]

1. e4 e5 2. Nf3 Nc6 3. Bc4 Bc5 4. c3 Nf6 5. d3 a6 6. Bb3 Ba7 7. h3 d6 8. Nbd2 0-0 9. Nf1 d5 10. Qe2 Be6 11. Ng3 h6 12. 0-0 dxe4 13. dxe4 Qe7 14. Nh4 Bxb3 15. axb3 Rfd8 16. Nhf5 Qd7 17. Qf3 Qe6 18. b4 Kh7 19. Be3 g6 20. Bxa7 Nxa7 21. Ne3 Nb5 22. Nd5 Kg7 23. Rfd1 c6 24. Nb6 Rab8 25. Qe2 Qe7 26. Nc4 Nd6 1/2-1/2

[Event "BI-2013-P-00017"]
[Site "LSS email"]
[Date "2013.04.22"]
[Round "?"]
[White "Kerecsenyi, Zoltan"]
[Black "Boda, Attila"]
[Result "1-0"]
[WhiteElo "1582"]
[BlackElo "1957"]
[PlyCount "103"]
[EventDate "2013.04.25"]
[EventType "tourn (corr)"]
[EventRounds "10"]
[EventCountry "GER"]
[SourceTitle "Telechess CBM 167"]
[Source "ChessBase"]
[SourceDate "2015.07.13"]
[SourceVersion "1"]
[SourceVersionDate "2015.07.13"]
[SourceQuality "1"]

1. Nf3 d5 2. g3 c6 3. Bg2 Bg4 4. 0-0 Nd7 5. d4 e6 6. Nbd2 Ngf6 7. h3 Bh5 8. c4 Be7 9. Re1 0-0 10. e4 Nxe4 11. Nxe4 dxe4 12. Rxe4 Bg6 13. Re1 Rc8 14. Bf4 Qb6 15. Re3 Rfd8 16. c5 Nxc5 17. Qe2 Nd3 18. Rxd3 Bxd3 19. Qxd3 c5 20. Rd1 cxd4 21. Qe2 Bc5 22. Ne5 f6 23. Nd3 Bf8 24. g4 Qa6 25. g5 Rd7 26. a3 Re7 27. Qg4 f5 28. Qe2 g6 29. Be5 Rd7 30. Qe1 Be7 31. h4 Rc2 32. b4 Qc4 33. Bb8 b5 34. Ne5 Re2 35. Qf1 Rxe5 36. Bxe5 d3 37. f4 Qb3 38. h5 d2 39. Kh2 a6 40. Qe2 Qd3 41. Qxd3 Rxd3 42. Bf1 Rxa3 43. Rxd2 Re3 44. Rd7 Bxg5 45. hxg6 hxg6 46. Rg7+ Kf8 47. Rxg6 Be7 48. Rxe6 Rb3 49. Rxa6 Rxb4 50. Rb6 Rb3 51. Rb8+ Kf7 52. Bxb5 1-0